| 000 | 00937nam a2200301 a 4500 | ||
|---|---|---|---|
| 001 | 000112673 | ||
| 003 | CHAP | ||
| 005 | 20220329144317.0 | ||
| 008 | 160919s2002 mx |r| ||||||spa d | ||
| 010 | _a109134 | ||
| 011 | _a110106 | ||
| 020 | _a968246496X | ||
| 040 | _cCHAP | ||
| 082 | 0 | 4 |
_a630.9 _bR45 |
| 100 | 0 | 0 |
_aReyes Castañeda, Pedro. _996772 |
| 245 | 1 | 0 |
_aIntroducción a la agronomía / _cpor Pedro Reyes Castañeda, César Augusto Reyes Méndez y Fernando Eleazar Reyes Méndez. |
| 260 |
_aMéxico, D.F. : _bEditorial Trillas, _c2002. |
||
| 300 | _a239 p. | ||
| 590 |
_aE5765TAJ _b05 _c20160919 _lUCH01 _h0910 |
||
| 650 | 1 | 4 |
_aAgricultura _xHistoria. _91507 |
| 650 | 1 | 4 |
_aAlimentos _xIndustria y comercio. _9131091 |
| 650 | 1 | 4 |
_aProductos agrícolas. _991896 |
| 700 | 0 |
_aReyes Méndez, César Augusto. _996912 |
|
| 700 | 0 |
_aReyes Méndez, Fernando Eleazar. _996914 |
|
| 901 | _aBK | ||
| 942 | _cLIBRO | ||
| 942 | _n0 | ||
| 999 |
_c109134 _d109134 |
||